[Event "Geneve Cavaliers Fous op 7th"]
[Site "Geneve"]
[Date "2021.11.12"]
[Round "5"]
[White "Sadeghi, Purya"]
[Black "Longepierre, Chloe"]
[Result "1-0"]
[WhiteElo "1781"]
[BlackElo "1597"]
[PlyCount "61"]
[EventDate "2021.09.17"]
[EventType "swiss"]
[EventRounds "7"]
[EventCountry "SUI"]
[SourceTitle "EXT 2023"]
[Source "ChessBase"]
[SourceDate "2022.10.05"]
[SourceVersion "1"]
[SourceVersionDate "2022.10.05"]
[SourceQuality "1"]

1. e4 e5 2. Nf3 Nc6 3. Bb5 a6 4. Ba4 Bc5 5. c3 Nge7 6. d4 exd4 7. cxd4 Bb4+ 8. Bd2 Bxd2+ 9. Nbxd2 d5 10. e5 Bg4 11. h3 Bh5 12. g4 Bg6 13. Qe2 0-0 14. a3 f6 15. 0-0-0 b5 16. Bb3 Na5 17. h4 Nxb3+ 18. Nxb3 Be4 19. Rh3 Ng6 20. Qe3 fxe5 21. Nxe5 Nxe5 22. dxe5 Re8 23. f3 Bg6 24. h5 Bf7 25. f4 a5 26. f5 c5 27. e6 Kh8 28. h6 d4 29. hxg7+ Kxg7 30. Qh6+ Kg8 31. Qxh7+ 1-0